LES 15 MEILLEURS BUTEURS DE L'EURO - Statistiques

Statistiques générales
  • Ce quiz a été pris 98 fois
  • Le résultat moyen est 5 sur 15
Statistiques - réponses
RANG NOM BUTS % Correct
1 CRISTIANO RONALDO 14
97%
6 ANTOINE GRIEZMANN 7
78%
11 THIERRY HENRY 6
55%
2 MICHEL PLATINI 9
50%
5 HARRY KANE 7
49%
15 ROMELU LUKAKU 6
36%
4 ALVARO MORATA 7
31%
10 WAYNE ROONEY 6
29%
13 ROBERT LEWANDOWSKI 6
28%
8 RUUD VAN NISTELROOY 6
21%
3 ALAN SHEARER 7
15%
7 PATRIK SCHICK 6
12%
9 PATRICK KLUIVERT 6
10%
14 NUMO GOMES 6
8%
12 ZLATAN IBRAHIMOVIC 6
6%
Aucun quiz correspondant
Distribution des résultats
% des personnes avec chaque résultat
Percentile par nombre de réponses
Votre historique - résultats
Vous n’avez pas pris ce quiz